000 00273nam a22001337a 4500
008 181030b xxu||||| |||| 00| 0 eng d
020 _a9780763739058
041 _aeng
080 _a573
100 _a11
101 _aBIO
245 _aCells
_cLewin,B
942 _2udc
_cBK
999 _c51138
_d51138